Entry Konu Terimi
001 - KONTROL NUMARASI
- Kontrol alanı: 35816
003 - KONTROL NUMARASI KİMLİĞİ
- Kontrol alanı: TR-BiSEU
005 - SON İŞLEM TARİHİ VE ZAMANI
- Kontrol alanı: 20260207002029.0
008 - SABİT UZUNLUKTAKİ VERİ ÖGELERİ - GENEL BİLGİ
- Sabit uzunlukta kontrol alanı: 260207|| aca||aabn | a|a d
040 ## - KATALOGLAMA KAYNAĞI
- Özgün kataloglama kurumu: TR-BiSEU
- Çeviri kurumu: TR-BiSEU
150 ## - KONU BAŞLIKLARI - KONU TERİMİ
- Konu terimi: Decoration and ornament
670 ## - BİLGİNİN KAYNAĞI
- Bilginin alındığı kaynak: KOHA: (TR-BiSEU)15393: Göktaş, Osman. 35814, Çeşitli ağaç ve otsu bitki ekstraktlarından çevre ile uyumlu doğal renklendirici ve koruyucu mobilya üst yüzey işlem maddelerinin geliştirilmesi/
